Stranger Things Quotes Who Said What - Statistics

General Stats
  • This quiz has been taken 29 times
  • The average score is 16 of 18
Answer Stats
Hint Answer % Correct
"Friends don't lie." Eleven
96%
"Bitchin'." Eleven
96%
"I kept the door open three inches." Eleven
96%
"I'm 10, you bald bastard!" Erica
96%
"Can't spell America without Erica". Erica
96%
"Ahoy, ladies. Didn't see you there." Steve
96%
"I may be a pretty sh*tty boyfriend, but turns out I'm actually a pretty damn good babysitter." Steve
96%
"Mike, don't stop, okay? You're the heart." Will
96%
"Why are you keeping this curiosity door locked?" Dustin
92%
"I'm in need of my paddles." Dustin
92%
"Mornings are for coffee and contemplation." Hopper
92%
"If we're both going crazy, then we'll go crazy together, right?" Mike
92%
"If anyone asks where I am, I've left the country." Mike
92%
"There's more to life than stupid boys". Max
88%
"I didn't run away this time, right?". Eddie
75%
"I love you on your bad days. I love you with your powers, I love you without your powers." Joyce
71%
"My fingers are like arrows. My arms like iron. My feet like spears". Murray
71%
"You shouldn't like things because people tell you you're supposed to." Jonathan
54%
No matching quizzes found
Score Distribution
Percent of People with Each Score
Percentile by Number Answered
Your Score History
You have not taken this quiz